1635 1614 1848 1786 1248 1744 1931 1044 1541 1347 1074 1246 1505 1210 1927 1033 1143 1670 1385 1618 1631 1347 1305 1042 1864 1357 1171 1673 1082 1631 1063 1570 1312 1197 1695 1331 1176 1888 1069 1327 1319 1871 1288 1167 1427 1379 1463 1697 1188 1473 1709 1209 1482 1366 1027 1485 1377 1837 1900 1035 1803 1817 1363 1041 1407 1435 1319 1000 1743 1353 1059 1115 1194 1102 1957 1421 1552 1025 1752 1466 1582 1274 1547 1703 1640 1058 1895 1136 1126 1182 1376 1843 1841 1843 1935 1751 1210 1417 1299 BCNSPRNW ULIB Ver.6.0+V

เปลี่ยนเป็นภาษาไทย

Change to English
 แสดงรายละเอียดบรรณานุกรม
  กลับหน้าหลัก

Brief Record : Get Marc (ISO 2709) : E-mail record : QR code < ปิดหน้าต่าง
LEADER : 00000nam 2200000uu 4500
001    13399120901
003     ULIB
008    121024s2549||||th 000 0 tha d
020    ^a9749411250
020    ^a9789749411254
050  4 ^aH62^bพ647ก
100 0  ^aพิชิต พิทักษ์เทพสมบัติ
245 10 ^aการวิจัยเครื่องมือวิจัย =^bMethodological research /^cพิชิต พิทักษ์เทพสมบัติ
246 31 ^aMethodology research
260    ^aกรุงเทพฯ :^bสำนักพิมพ์เสมาธรรม,^c2549
300    ^a230 หน้า ;^c21 ซม.
650  7 ^aวิจัย
650  7 ^aสังคมศาสตร์^xวิจัย
945    ^p120^l0^i14235
995    ^aทศพร
999    ^aทศพร เกษรทอง
รายการนี้ยังไม่มีแท็ก
คุณยังไม่ได้ล็อกอิน คุณสามารถมีกิจกรรมร่วมกับเว็บไซต์ได้ แต่ต้องล็อกอินก่อน ::
  ล็อกอิน

รายการสื่อสารสนเทศ

ลำดับที่ ประเภท เลขเรียก/บาร์โค้ด สถานที่ สถานะ
1. วิทยาศาสตร์การแพทย์ และสุขภาพ
วิทยาศาสตร์การแพทย์ และสุขภาพ
H62 พ647ก ฉ.1 
  Barcode: 14235
ห้องสมุดวิทยาเขตสวรรค์ประชารักษ์
►หนังสือทั่วไป
บนชั้น

รายการใกล้เคียง
    ผู้แต่ง [พิชิต พิทักษ์เทพสมบัติ]

    หัวเรื่อง [วิจัย]

BibComment


ยังไม่เคยถูกคอมเมนท์

คอมเมนท์ทรัพยากรรายการนี้
  คอมเมนท์: การวิจัยเครื่องม..


 Copyright 2026. Bcnsprnw @Library